000 00343nam a2200157Ia 4500
005 20250425160834.0
008 250425s9999 xx 000 0 und d
041 _aeng
082 _a621.3192
245 0 _aBASIC ELECTRIC CIRCUITS
250 _aS.E.
260 _aS.L.
260 _aSin Pais
_bPERG
_c1975
942 _c01
010 _a6539
999 _c197226
_d197226